Тренировка футболистов

Dades bibliogràfiques
Autor principal: Романенко А. Н. Андрей Николаевич
Altres autors: Джус О. Н. Олег Николаевич (автор), Догадин М. Е. Михаил Евгеньевич
Sumari:Исключено из фонда НТБ ТПУ
Idioma:rus
Publicat: Киев, Здоров,я, 1984
Edició:2-е изд., перераб. и доп.
Format: MixedMaterials Llibre
KOHA link:https://koha.lib.tpu.ru/cgi-bin/koha/opac-detail.pl?biblionumber=126011

MARC

LEADER 00000nam0a2200000 4500
001 126011
005 20231031131708.0
020 |a RU  |b 84-30548 
035 |a (RuTPU)RU\TPU\book\136332 
090 |a 126011 
100 |a 20071123d1984 m a0rusy5003 ca 
101 0 |a rus 
102 |a RU 
105 |a y z 001zy 
200 1 |a Тренировка футболистов  |f А. Н. Романенко, О. Н. Джус, М. Е. Догадин 
205 |a 2-е изд., перераб. и доп. 
210 |a Киев  |c Здоров,я  |d 1984 
215 |a 264 с.  |c ил. 
320 |a Библиогр.: с.261-262 
333 |a Исключено из фонда НТБ ТПУ 
700 1 |a Романенко  |b А. Н.  |g Андрей Николаевич  |4 070 
702 1 |a Джус  |b О. Н.  |g Олег Николаевич  |4 070 
702 1 |a Догадин  |b М. Е.  |g Михаил Евгеньевич  |4 070 
801 0 |a RU  |b RuMRKP  |c 19950704  |g psbo 
801 1 |a RU  |b 63413507  |c 20071123  |g PSBO 
801 2 |a RU  |b 63413507  |c 20210426  |g PSBO 
942 |c BK